000 00859nam a2200289Ia 4500
003 OSt
005 20220912150902.0
006 a|||||r|||| 00| 0
007 ta
008 220909b |||||||| |||| 00| 0 eng d
020 _a0716750392 (hbd)
024 _a4446
037 _bSelectbook,
037 _cTextual
040 _aCSL
_beng
_cCSL
041 _aeng
082 _aY7:(G:66), N3
100 _aLewin Roger
245 0 _a<The>Origin of modern humans
260 _aNew York
_b Scientific American Library
_c1993
300 _axi,204p
500 _aGlossary 183-187p; Bibliographical references 188-192p; Index 196-204p; ^n23/CSL/Y7/96-97/4222^d1997-03-11^mPurchase
650 _a Human evolution
650 _aAnthropology
942 _hY7:(G:66), N3
_cTEXL
_2CC
999 _c56857
_d56857